Normal view
MARC view
Entry Personal Name
001 - CONTROL NUMBER
- control field: 11577
003 - CONTROL NUMBER IDENTIFIER
- control field: OSt
005 - DATE AND TIME OF LATEST TRANSACTION
- control field: 20220918111958.0
008 - FIXED-LENGTH DATA ELEMENTS
- fixed length control field: 220918|| aca||aabn | a|a d
040 ## - CATALOGING SOURCE
- Original cataloging agency: OSt
- Transcribing agency: OSt
100 ## - HEADING--PERSONAL NAME
- Personal name: भाटी, देशराज सिंह; वर्मा, रुपलाल
670 ## - SOURCE DATA FOUND
- Source citation: Work cat.: (OSt)117678: भाटी, देशराज सिंह; वर्मा, रुपलाल, भारतीय एंव पाश्चात्य काव्य सिद्धांत, 1959
